Kluby grające w Ekstraklasie - Statystyki

Ogólne statystyki
  • Ten quiz został rozwiązany 11 razy
  • Średni wynik to 14 z 18
Statystyki odpowiedzi
Odpowiedź % Poprawnych
Cracovia
88%
Lech Poznań
88%
Legia Warszawa
88%
Motor Lublin
88%
Pogoń Szczecin
88%
GKS Katowice
75%
Górnik Zabrze
75%
Jagiellonia Białystok
75%
Lechia Gdańsk
75%
Radomiak Radom
75%
Śląsk Wrocław
75%
Widzew Łódź
75%
Zagłębie Lubin
75%
Korona Kielce
63%
Piast Gliwice
63%
Puszcza Niepołomice
63%
Raków Częstochowa
63%
Stal Mielec
63%
Nie znaleziono quizów pasujących do podanych kryteriów
Rozkład punktacji
Procent ludzi z każdym wynikiem
Percentyl według liczby udzielonych odpowiedzi
Twoja historia wyników
Nie rozwiązałeś tego quizu